00458nam a2200109Ia 4500008004100000100002500041245013800066260002900204300001800233650001500251856008200266160712s9999 xx 000 0 und d aRodriguez, Rommel B. cRommel B. RodriguezaTanikala at Talinhaga: Ang Manunulat na Bilanggong Politikal (Chain and Metaphor: The Writer-Political Prisoner) c2015bHumanities Diliman avol. 12 no. 1 xHUMANITIES uhttp://journals.upd.edu.ph/index.php/humanitiesdiliman/issue/view/502/showToc